El Ombudsman iberoamericano y los derechos de la infancia

Saved in:
Bibliographic Details
Format: Unknown
Published: Madrid: CICODE
Subjects:
Tags: Add Tag
No Tags, Be the first to tag this record!

MARC

LEADER 00000 a2200000 04500
001 11535
003
008 991231s d
040
090 |a 139904  
245 |a El Ombudsman iberoamericano y los derechos de la infancia  
260 |a Madrid:   |b CICODE  
300 |a 201 p.  
650 |a INFANCIA  
650 |a DERECHOS HUMANOS  
650 |a DERECHOS DEL NIÑO  
999 |c 16083  |d 16083